Statistics for Top 15 Countries with Covid-19 Deaths - 24 September

Click here to take the quiz!

General Stats

  • This quiz has been taken 15 times
  • The average score is 15 of 20

Answer Stats

country% Correct
United States
100%
France
93%
Russia
93%
United Kingdom
93%
Brazil
87%
India
87%
Mexico
87%
Spain
87%
Argentina
80%
Italy
80%
Chile
73%
Iran
67%
Peru
67%
Colombia
60%
Ecuador
60%
South Africa
60%
Belgium
53%
Panama
53%
Sweden
53%
Bolivia
47%

Score Distribution

Percentile by Number Answered

Percent of People with Each Score

Your Score History

You have not taken this quiz